Estatísticas para Países da América do Sul sem mapa

Clique aqui para jogar o quiz

Estatísticas Gerais

  • Esse quiz foi jogado 124 vezes
  • A pontuação média é 12 de 12

Estatísticas das Respostas

Resposta% Correto
Brasil
100%
Chile
100%
Colômbia
99%
Argentina
98%
Equador
98%
Uruguai
98%
Bolívia
97%
Guiana
97%
Venezuela
97%
Paraguai
96%
Suriname
96%
Peru
93%

Distribuição das Pontuações

Percentil de Números Respondidos

Porcentagem de Pessoas com Cada Pontuação

Sua Pontuação Histórica

Você não jogou esse quiz